| 000 | 01267cam a22003131 4500 | ||
|---|---|---|---|
| 001 | gs 46000123 | ||
| 003 | DLC | ||
| 005 | 20260227111351.0 | ||
| 008 | 830728s1946 dcua f001 0 eng c | ||
| 010 | _ags 46000123 | ||
| 035 | _a(OCoLC)9750491 | ||
| 040 |
_aU.S. Geological Survey. Library _cCPCiC _dDLC |
||
| 043 | _an-us-ca | ||
| 050 | 0 | 0 |
_aQE75 _b.P9 no. 207 |
| 051 |
_aQE90.P3 _bW6 |
||
| 082 |
_a559.94 _a557.3 |
||
| 100 | 1 |
_aWoodring, W. P. _q(Wendell Phillips), _d1891-1983. |
|
| 245 | 1 | 0 |
_aGeology and paleontology of Palos Verdes hills, California, _cby W.P. Woodring, M.N. Bramlette, and W.S.W. Kew. |
| 260 |
_aWashington, _bU.S. Govt. Print. Off., _c1946. |
||
| 300 |
_av, 145 p. _bincl. illus., tables, diagrs. 37 pl. (part fold.) maps (4 fold. in pocket) _c29 cm. |
||
| 440 | 0 |
_aU.S. Geological Survey professional paper _v207 |
|
| 500 | _aAt head of title: United States Dept. of the Interior ... Geological Survey ... | ||
| 504 | _aBibliography: p. 3-8. | ||
| 650 | 0 |
_aGeology _zCalifornia _zLos Angeles County. |
|
| 650 | 0 |
_aPaleontology _zCalifornia _zLos Angeles County. |
|
| 651 | 0 | _aPalos Verdes Hills (Calif.) | |
| 700 | 1 |
_aBramlette, M. N. _q(Milton Nunn), _d1896-1977. |
|
| 700 | 1 |
_aKew, William S. W. _q(William Stephen Webster), _d1890- |
|
| 999 |
_c28100 _d28100 |
||